[Event "Mont de Marsan Noel op 15th"]
[Site "Mont de Marsan"]
[Date "2018.12.27"]
[Round "3"]
[White "Bareyre, Patrick"]
[Black "Bernal Moro, Luis Javier"]
[Result "1/2-1/2"]
[WhiteElo "2134"]
[BlackElo "2418"]
[PlyCount "104"]
[EventDate "2018.12.26"]
[EventType "swiss"]
[EventRounds "9"]
[EventCountry "FRA"]
[SourceTitle "CBM 190 Extra"]
[Source "ChessBase"]
[SourceDate "2019.07.15"]
[SourceVersion "1"]
[SourceVersionDate "2019.07.15"]
[SourceQuality "1"]

1. d4 Nf6 2. Nf3 g6 3. Nbd2 Bg7 4. e4 0-0 5. e5 Nd5 6. Bc4 Nb6 7. Bb3 d6 8. Qe2 Nc6 9. c3 dxe5 10. dxe5 Bf5 11. e6 f6 12. Ne4 Na5 13. Nd4 Bxe4 14. Qxe4 f5 15. Qh4 Bxd4 16. cxd4 Nxb3 17. axb3 Qd6 18. 0-0 Qxe6 19. Bf4 Nd5 20. Rfe1 Qd7 21. Be5 Rf7 22. Qh6 f4 23. b4 Qg4 24. Ra3 Qh5 25. Qxh5 gxh5 26. b5 Rf5 27. Rea1 Kf7 28. Rxa7 Rxa7 29. Rxa7 b6 30. Ra8 f3 31. Rh8 Nf6 32. Rc8 Ng4 33. Bxc7 Rxb5 34. Rb8 Rxb2 35. Rxb6 Rc2 36. Bf4 fxg2 37. Bg3 Rd2 38. Rb4 Nh6 39. Kxg2 Nf5 40. Be5 Rd3 41. Kf1 Ke6 42. Ke2 Ra3 43. Rb6+ Kd5 44. Rb7 Ke4 45. Rb4 h4 46. Bh8 Ra2+ 47. Kf1 Ra3 48. Ke2 Ra2+ 49. Kf1 h3 50. Rb3 Ra1+ 51. Ke2 Ra2+ 52. Kf1 Ra1+ 1/2-1/2

[Event "Cap d'Agde CCAS op"]
[Site "Cap d'Agde"]
[Date "2014.10.20"]
[Round "2"]
[White "Lalic, Bogdan"]
[Black "Bareyre, Patrick"]
[Result "1-0"]
[WhiteElo "2450"]
[BlackElo "2155"]
[PlyCount "67"]
[EventDate "2014.10.24"]
[EventType "swiss"]
[EventRounds "9"]
[EventCountry "FRA"]
[SourceTitle "EXT 2016"]
[Source "ChessBase"]
[SourceDate "2015.10.08"]
[SourceVersion "1"]
[SourceVersionDate "2015.10.08"]
[SourceQuality "1"]

1. Nf3 Nc6 2. d4 g6 3. d5 Nb8 4. e4 Bg7 5. c4 Na6 6. Nc3 Nc5 7. Qc2 a5 8. Be3 b6 9. Be2 Nf6 10. 0-0 0-0 11. h3 Bb7 12. Rad1 Qb8 13. a3 c6 14. e5 Ne8 15. Bg5 f6 16. Bh4 a4 17. Rfe1 Rf7 18. exf6 Nxf6 19. Bg3 Qa7 20. dxc6 Bxc6 21. Ne5 Rff8 22. Nxc6 dxc6 23. Bf3 Rac8 24. Re3 Ne8 25. Bg4 Ra8 26. Ne4 Qa5 27. Ng5 Bf6 28. Nf3 Nb3 29. Ne5 c5 30. Nc6 Qa6 31. Nxe7+ Kg7 32. Rd7 Rf7 33. Nd5 Nd4 34. Qe4 1-0

[Event "Pau op"]
[Site "Pau"]
[Date "2009.02.27"]
[Round "8"]
[White "Bareyre, Patrick"]
[Black "Korneev, Oleg"]
[Result "0-1"]
[WhiteElo "2169"]
[BlackElo "2613"]
[PlyCount "86"]
[EventDate "2009.02.24"]
[EventType "swiss"]
[EventRounds "9"]
[EventCountry "FRA"]
[SourceTitle "CBM 129 Extra"]
[Source "ChessBase"]
[SourceDate "2009.05.05"]
[SourceVersion "2"]
[SourceVersionDate "2009.05.20"]
[SourceQuality "1"]

1. d4 d5 2. Nf3 Nf6 3. c3 c5 4. dxc5 e6 5. b4 a5 6. Bb2 b6 7. Nbd2 bxc5 8. b5 c4 9. e4 Bc5 10. exd5 exd5 11. Be2 0-0 12. a4 Qe7 13. 0-0 Re8 14. Bxc4 dxc4 15. Re1 Be6 16. Nxc4 Nbd7 17. Nd4 Bxd4 18. Qxd4 Qc5 19. Nd6 Qxd4 20. cxd4 Red8 21. Rac1 Rab8 22. Rc6 Nb6 23. Bc3 Bd5 24. Nf5 Bxc6 25. Ne7+ Kh8 26. Nxc6 Nxa4 27. Bxa5 Re8 28. Nxb8 Rxb8 29. Rb1 Nd5 30. Rb3 Kg8 31. Kf1 Kf8 32. Ke1 Ke7 33. Kd2 Kd6 34. Kd3 f5 35. Bd2 Rb7 36. Bc1 Nac3 37. Ba3+ Ke6 38. Kc4 Ne4 39. Rb2 Nd6+ 40. Bxd6 Kxd6 41. Ra2 Rxb5 42. Ra7 Rb4+ 43. Kd3 Rb3+ 0-1

[Event "Pau op"]
[Site "Pau"]
[Date "2009.02.26"]
[Round "5"]
[White "Bareyre, Patrick"]
[Black "Darrigues, Alain"]
[Result "1/2-1/2"]
[WhiteElo "2169"]
[BlackElo "2012"]
[PlyCount "44"]
[EventDate "2009.02.24"]
[EventType "swiss"]
[EventRounds "9"]
[EventCountry "FRA"]
[SourceTitle "CBM 129 Extra"]
[Source "ChessBase"]
[SourceDate "2009.05.05"]
[SourceVersion "2"]
[SourceVersionDate "2009.05.20"]
[SourceQuality "1"]

1. d4 d5 2. Nf3 Nf6 3. c3 e6 4. Bg5 Be7 5. Nbd2 Nbd7 6. e3 0-0 7. Bd3 b6 8. Qe2 c5 9. h4 c4 10. Bc2 Bb7 11. Bf4 b5 12. Ne5 a5 13. g4 Ra6 14. g5 Ne4 15. Nxe4 dxe4 16. a4 Nxe5 17. dxe5 Qb6 18. axb5 Qxb5 19. Ba4 Qc5 20. 0-0 Rb6 21. Rfd1 Bd5 22. h5 Rfb8 1/2-1/2

[Event "Pau op"]
[Site "Pau"]
[Date "2009.02.25"]
[Round "3"]
[White "Bareyre, Patrick"]
[Black "Hamdouchi, Hicham"]
[Result "0-1"]
[WhiteElo "2169"]
[BlackElo "2599"]
[PlyCount "64"]
[EventDate "2009.02.24"]
[EventType "swiss"]
[EventRounds "9"]
[EventCountry "FRA"]
[SourceTitle "CBM 129 Extra"]
[Source "ChessBase"]
[SourceDate "2009.05.05"]
[SourceVersion "2"]
[SourceVersionDate "2009.05.20"]
[SourceQuality "1"]

1. d4 Nf6 2. Nf3 g6 3. Nc3 d5 4. Bg5 Bg7 5. Bxf6 exf6 6. e3 0-0 7. Be2 Re8 8. 0-0 f5 9. Ne1 c6 10. a4 f4 11. exf4 Qf6 12. a5 Qxf4 13. Ra4 Nd7 14. Nd3 Qc7 15. Bf3 Nf8 16. Qd2 Bf5 17. g3 Ne6 18. Ne2 h5 19. c3 Kh7 20. Bg2 Ng5 21. Nef4 Bh6 22. Qd1 Re7 23. h4 Ne4 24. Ra1 Rae8 25. Re1 Qd6 26. Qa4 Nxg3 27. Rxe7 Rxe7 28. fxg3 Bxd3 29. Nxd3 Qxg3 30. Qc2 Be3+ 31. Nf2 Re4 32. Qe2 Rg4 0-1

[Event "Pau op"]
[Site "Pau"]
[Date "2009.02.24"]
[Round "2"]
[White "Ferrari, Guy"]
[Black "Bareyre, Patrick"]
[Result "0-1"]
[WhiteElo "1753"]
[BlackElo "2169"]
[PlyCount "46"]
[EventDate "2009.02.24"]
[EventType "swiss"]
[EventRounds "9"]
[EventCountry "FRA"]
[SourceTitle "CBM 129 Extra"]
[Source "ChessBase"]
[SourceDate "2009.05.05"]
[SourceVersion "2"]
[SourceVersionDate "2009.05.20"]
[SourceQuality "1"]

1. e4 e6 2. d4 d5 3. Nc3 Nf6 4. Bg5 Bb4 5. e5 h6 6. exf6 hxg5 7. fxg7 Rg8 8. Bd3 c5 9. Bb5+ Bd7 10. Bxd7+ Nxd7 11. Nge2 Qf6 12. a3 Ba5 13. 0-0 a6 14. dxc5 Qxg7 15. b4 Bc7 16. Re1 Rh8 17. Ng3 Qxc3 18. Qxd5 Qxa1 19. Qxd7+ Kxd7 20. Rxa1 Bxg3 21. fxg3 Ke7 22. c4 Rad8 23. a4 Rd2 0-1

[Event "Mont de Marsan op"]
[Site "Mont de Marsan"]
[Date "2008.12.28"]
[Round "5"]
[White "Lacroix, Romain"]
[Black "Bareyre, Patrick"]
[Result "0-1"]
[WhiteElo "2149"]
[BlackElo "2150"]
[PlyCount "142"]
[EventDate "2008.10.27"]
[EventType "swiss"]
[EventRounds "7"]
[EventCountry "FRA"]
[SourceTitle "EXT 2010"]
[Source "ChessBase"]
[SourceDate "2010.11.25"]
[SourceVersion "1"]
[SourceVersionDate "2010.11.25"]
[SourceQuality "1"]

1. e4 e6 2. d4 d5 3. Nd2 Nf6 4. e5 Nfd7 5. c3 c5 6. Bd3 Nc6 7. Ne2 cxd4 8. cxd4 f6 9. exf6 Nxf6 10. 0-0 Bd6 11. Nf3 0-0 12. Bf4 Bxf4 13. Nxf4 Ng4 14. Ne2 Qd6 15. Ng3 e5 16. dxe5 Ncxe5 17. Nxe5 Nxe5 18. Re1 Bg4 19. Be2 Bd7 20. Ne4 Qe6 21. Nc3 Bc6 22. Qd4 Qf6 23. Rad1 Rad8 24. Bf1 Ng6 25. g3 Qxd4 26. Rxd4 Rf7 27. Bh3 Re7 28. Red1 Rde8 29. Kf1 Re5 30. Bg2 Ne7 31. Nxd5 Bb5+ 32. Kg1 Nf5 33. Ne3 Nxd4 34. Rxd4 R5e7 35. Bd5+ Kh8 36. Rb4 Be2 37. Kg2 b6 38. h4 Bd3 39. Ra4 Rd8 40. Bf3 g6 41. Nd5 Rf7 42. Nf4 a5 43. Ra3 Bb1 44. Rb3 Rd6 45. a3 Ba2 46. Rb5 Bc4 47. Re5 a4 48. h5 Kg7 49. hxg6 hxg6 50. Be2 Rc7 51. Bxc4 Rxc4 52. Re7+ Kf6 53. Re2 g5 54. Nh3 Rdc6 55. Re8 R6c5 56. Rd8 Ke7 57. Rg8 Rc2 58. Nxg5 Rxb2 59. Ne4 Rc4 60. Kf3 Rb3+ 61. Kf4 Rxa3 62. Ke5 Rf3 63. Rg7+ Kf8 64. Rb7 Rb4 65. Rb8+ Kg7 66. Rb7+ Rf7 67. Rxf7+ Kxf7 68. Nd6+ Ke7 69. f4 a3 70. f5 a2 71. f6+ Kd7 0-1

[Event "Mont de Marsan op"]
[Site "Mont de Marsan"]
[Date "2008.12.27"]
[Round "4"]
[White "Bareyre, Patrick"]
[Black "Dobrev, Nanko"]
[Result "1/2-1/2"]
[WhiteElo "2150"]
[BlackElo "2408"]
[PlyCount "185"]
[EventDate "2008.10.27"]
[EventType "swiss"]
[EventRounds "7"]
[EventCountry "FRA"]
[SourceTitle "EXT 2010"]
[Source "ChessBase"]
[SourceDate "2010.11.25"]
[SourceVersion "1"]
[SourceVersionDate "2010.11.25"]
[SourceQuality "1"]

1. d4 Nf6 2. Nf3 e6 3. c3 b6 4. Bf4 Bb7 5. e3 d6 6. Bd3 Nbd7 7. Qe2 Ne4 8. h4 e5 9. Bh2 a6 10. Bc4 Qf6 11. a4 g5 12. hxg5 Nxg5 13. Nxg5 Qxg5 14. Bg3 Nf6 15. Nd2 Qf5 16. dxe5 dxe5 17. e4 Nxe4 18. Nxe4 Qxe4 19. Qxe4 Bxe4 20. Bxe5 Rg8 21. f3 Rg5 22. Bf4 Rc5 23. Bb3 Bg6 24. 0-0-0 Be7 25. Rhe1 Rd8 26. Be3 Rxd1+ 27. Kxd1 Ra5 28. Bf4 Rc5 29. Be3 Re5 30. f4 Ra5 31. g4 Be4 32. Kd2 f5 33. Bd4 Kd7 34. Bd1 Rd5 35. gxf5 Bxf5 36. Bf3 Rd6 37. Kc1 Rh6 38. Re5 Be6 39. f5 Bb3 40. a5 Bd6 41. Re2 Rh3 42. Bg2 Bf4+ 43. Kb1 Rd3 44. Re1 Rd2 45. Bf1 bxa5 46. f6 Bd6 47. Bh3+ Kc6 48. Be3 Rh2 49. Bf5 Be5 50. Rf1 a4 51. Bf4 Bxf4 52. Rxf4 Kd6 53. Bd3 Bf7 54. Bxa6 Ke5 55. Rf1 h5 56. Bb5 Rh4 57. Kc2 Rg4 58. Be2 Rg2 59. Kd3 h4 60. Rh1 Rg3+ 61. Kd2 h3 62. Bf1 Rf3 63. Be2 Rg3 64. Bf1 Be6 65. f7 Bxf7 66. Rxh3 Rg1 67. Rf3 Bb3 68. Ke3 Rh1 69. Rf8 Kd6 70. Rf4 Rh8 71. Bb5 Rh3+ 72. Kd2 Rh2+ 73. Kd3 Rh3+ 74. Ke2 Ke5 75. Rg4 Rh2+ 76. Ke3 Bd1 77. Re4+ Kd5 78. Rd4+ Kc5 79. Bxa4 Bxa4 80. Rxa4 Rxb2 81. Kd3 Kb5 82. Rh4 c5 83. Rh8 c4+ 84. Ke3 Rb3 85. Kd4 Kc6 86. Kxc4 Rb1 87. Rh6+ Kc7 88. Kc5 Rg1 89. Rh7+ Kc8 90. c4 Rg5+ 91. Kc6 Rg6+ 92. Kb5 Rg5+ 93. c5 1/2-1/2

[Event "Mont de Marsan op 6th"]
[Site "Mont de Marsan"]
[Date "2006.12.28"]
[Round "5"]
[White "Bareyre, Patrick"]
[Black "Birebent, Guy"]
[Result "1/2-1/2"]
[WhiteElo "2179"]
[BlackElo "1824"]
[PlyCount "67"]
[EventDate "2006.12.26"]
[EventType "swiss"]
[EventRounds "9"]
[EventCountry "FRA"]
[SourceTitle "CBM 116 Extra"]
[Source "ChessBase"]
[SourceDate "2007.03.07"]
[SourceVersion "1"]
[SourceVersionDate "2007.03.07"]
[SourceQuality "1"]

1. d4 e6 2. Nf3 d5 3. Bg5 Be7 4. h4 Nc6 5. e3 Bd7 6. c3 a6 7. Bd3 Nf6 8. Nbd2 h6 9. Bf4 b5 10. a3 Na5 11. Qe2 Nc4 12. Nb3 Rc8 13. Ne5 c5 14. dxc5 Bxc5 15. Nxc5 Rxc5 16. b3 Nxe5 17. Bxe5 Bc8 18. g4 h5 19. g5 Ng4 20. Bxg7 Rg8 21. Bd4 Rc6 22. f4 Qc7 23. Kd2 e5 24. fxe5 Nxe5 25. Rhf1 Bg4 26. Qg2 Nxd3 27. Kxd3 Rgg6 28. Qxd5 Rgd6 29. Qe5+ Be6 30. Ke2 Rd5 31. Qxc7 Rxc7 32. e4 Rxd4 33. g6 fxg6 34. Rf6 1/2-1/2

[Event "Mont de Marsan op 6th"]
[Site "Mont de Marsan"]
[Date "2006.12.27"]
[Round "4"]
[White "Fernandez Fernandez, Juan Carlos"]
[Black "Bareyre, Patrick"]
[Result "1-0"]
[WhiteElo "2092"]
[BlackElo "2179"]
[PlyCount "65"]
[EventDate "2006.12.26"]
[EventType "swiss"]
[EventRounds "9"]
[EventCountry "FRA"]
[SourceTitle "CBM 116 Extra"]
[Source "ChessBase"]
[SourceDate "2007.03.07"]
[SourceVersion "1"]
[SourceVersionDate "2007.03.07"]
[SourceQuality "1"]

1. d4 e6 2. c4 b6 3. Nf3 Bb7 4. g3 f5 5. Bg2 Bb4+ 6. Bd2 a5 7. 0-0 Nf6 8. Nc3 0-0 9. a3 Be7 10. Qc2 Qe8 11. d5 Na6 12. Nd4 Bc5 13. e3 g6 14. dxe6 Bxg2 15. exd7 Qxd7 16. Kxg2 Bxd4 17. exd4 Qc6+ 18. Kg1 Qxc4 19. Be3 Ng4 20. Rfe1 Rfe8 21. Rad1 Nxe3 22. Rxe3 Rxe3 23. fxe3 Qe6 24. e4 fxe4 25. Qxe4 Qxe4 26. Nxe4 Rd8 27. Kf2 Kf7 28. Ke3 Ke6 29. Rf1 Kd5 30. Kd3 c5 31. Rf6 c4+ 32. Ke3 Re8 33. Rd6# 1-0

[Event "FRA-chT2C 0506"]
[Site "France"]
[Date "2006.02.05"]
[Round "7.7"]
[White "Bareyre, Patrick"]
[Black "Benmesbah, Natacha"]
[Result "1-0"]
[WhiteElo "2166"]
[BlackElo "2145"]
[PlyCount "113"]
[EventDate "2005.10.27"]
[EventType "team"]
[EventRounds "11"]
[EventCountry "FRA"]
[SourceTitle "EXT 2006"]
[Source "ChessBase"]
[SourceDate "2005.11.24"]
[SourceVersion "1"]
[SourceVersionDate "2005.11.24"]
[SourceQuality "1"]

1. d4 Nf6 2. Nf3 c5 3. d5 e6 4. c4 d6 5. Nc3 exd5 6. cxd5 g6 7. e4 a6 8. a4 Bg4 9. Be2 Bxf3 10. Bxf3 Nbd7 11. 0-0 Bg7 12. g3 0-0 13. Bg5 Rb8 14. Qe2 h6 15. Bf4 Qe7 16. a5 Ne5 17. Bg2 g5 18. Bc1 g4 19. Ra4 Nh7 20. h4 Rbe8 21. Nd1 Qd7 22. b3 Qb5 23. Qc2 Qd3 24. Qxd3 Nxd3 25. Ne3 Nxc1 26. Rxc1 h5 27. Nf5 Rd8 28. b4 cxb4 29. Rxb4 Rd7 30. Rcb1 Rb8 31. Rb6 Be5 32. Rxa6 Nf8 33. Rab6 Ra8 34. Rxb7 Rxa5 35. f4 gxf3 36. Bxf3 Ra3 37. Kg2 Ra7 38. Rxa7 Rxa7 39. Bxh5 Kh7 40. Rb3 Nd7 41. Bf3 Nc5 42. Rb6 Nd3 43. Bh5 Ra2+ 44. Kf3 Bc3 45. Nxd6 Bd4 46. Rb3 Ne5+ 47. Kf4 Rf2+ 48. Bf3 Ng6+ 49. Kg5 Ne5 50. Bg4 Bb2 51. Ne8 Bc1+ 52. Kh5 Ra2 53. Bf5+ Kg8 54. Rc3 Bd2 55. Rc8 Ra7 56. d6 f6 57. d7 1-0

[Event "Mont de Marsan op"]
[Site "Mont de Marsan"]
[Date "2005.12.26"]
[Round "1"]
[White "Inkiov, Ventzislav"]
[Black "Bareyre, Patrick"]
[Result "1-0"]
[WhiteElo "2482"]
[BlackElo "2167"]
[PlyCount "71"]
[EventDate "2005.12.26"]
[EventType "swiss"]
[EventRounds "7"]
[EventCountry "FRA"]
[SourceTitle "CBM 110 Extra"]
[Source "ChessBase"]
[SourceDate "2006.03.10"]
[SourceVersion "2"]
[SourceVersionDate "2006.03.10"]
[SourceQuality "1"]

1. d4 e6 2. c4 b6 3. Nc3 Bb4 4. e3 Bb7 5. Nge2 f5 6. a3 Bf8 7. Ng3 Nf6 8. d5 Bd6 9. e4 fxe4 10. Ngxe4 Qe7 11. Nxd6+ Qxd6 12. Be2 exd5 13. Nb5 Qc6 14. 0-0 0-0 15. Bf4 Na6 16. Nd4 Qc5 17. Rc1 Qe7 18. Bg5 c5 19. Nb5 d4 20. Bd3 d5 21. cxd5 Qd7 22. Re1 Nc7 23. Nxc7 Qxc7 24. b4 Nxd5 25. bxc5 Qf7 26. c6 Qxf2+ 27. Kh1 Bxc6 28. Rxc6 Ne3 29. Qe2 Nxg2 30. Qxf2 Rxf2 31. Rg1 Nf4 32. Bxf4 Rxf4 33. Rc7 g6 34. Re1 Raf8 35. Rce7 Rh4 36. Rxa7 1-0

[Event "FRA-chT2C 0506"]
[Site "France"]
[Date "2005.10.16"]
[Round "1.7"]
[White "Bareyre, Patrick"]
[Black "Diakonov, Michel"]
[Result "1/2-1/2"]
[WhiteElo "2167"]
[BlackElo "2102"]
[PlyCount "130"]
[EventDate "2005.10.27"]
[EventType "team"]
[EventRounds "11"]
[EventCountry "FRA"]
[SourceTitle "EXT 2006"]
[Source "ChessBase"]
[SourceDate "2005.11.24"]
[SourceVersion "1"]
[SourceVersionDate "2005.11.24"]
[SourceQuality "1"]

1. d4 c6 2. c3 g6 3. Nf3 Bg7 4. Bg5 d5 5. Nbd2 Nf6 6. Qb3 0-0 7. e3 Nbd7 8. Be2 Re8 9. c4 Qa5 10. Qc3 Qxc3 11. bxc3 c5 12. 0-0 dxc4 13. Bxc4 e5 14. Bxf6 Bxf6 15. Ne4 exd4 16. Nd6 Re7 17. exd4 Nb6 18. Bb3 cxd4 19. cxd4 Bg4 20. Ne5 Be6 21. Rfe1 Rd8 22. Nexf7 Bxf7 23. Rxe7 Bxe7 24. Nxf7 Rxd4 25. Nd6+ Kg7 26. Nxb7 Rd7 27. Na5 Rc7 28. Bd1 Nd5 29. Bf3 Nb4 30. a3 Nc2 31. Rd1 Nxa3 32. Nc6 Bc5 33. h4 Bb6 34. g4 Nb5 35. Kg2 Nc3 36. Rd3 Na4 37. Rd8 Nc5 38. Ra8 Nd3 39. g5 Rf7 40. Be4 Nf4+ 41. Kf1 Rd7 42. Ke1 Nd3+ 43. Ke2 Nxf2 44. Bc2 h6 45. Bxg6 hxg5 46. hxg5 Rc7 47. Be8 Ne4 48. Nb4 Re7 49. Bc6 Nxg5+ 50. Kd3 Nf7 51. Bd5 Rd7 52. Ke4 Nd6+ 53. Ke5 Nb5 54. Rg8+ Kh7 55. Rg2 Bd4+ 56. Ke6 Rd6+ 57. Kf7 Rf6+ 58. Ke7 Rf4 59. Bg8+ Kh6 60. Nd5 Rf3 61. Be6 Bc5+ 62. Kd7 Nd4 63. Rg4 Nxe6 64. Kxe6 Kh5 65. Rc4 Bb6 1/2-1/2

[Event "San Sebastian op 28th"]
[Site "San Sebastian"]
[Date "2005.03.24"]
[Round "7"]
[White "Bareyre, Patrick"]
[Black "Hernandez Sanchez, Elvis de la Caridad"]
[Result "1-0"]
[WhiteElo "2147"]
[BlackElo "2313"]
[PlyCount "97"]
[EventDate "2005.03.19"]
[EventType "swiss"]
[EventRounds "9"]
[EventCountry "ESP"]
[SourceTitle "CBM 105 Extra"]
[Source "ChessBase"]
[SourceDate "2005.05.01"]
[SourceVersion "1"]
[SourceVersionDate "2005.05.01"]
[SourceQuality "1"]

1. d4 d5 2. Nf3 Nf6 3. Bf4 Nh5 4. Bg5 h6 5. Bc1 Nf6 6. c3 c6 7. Bf4 Qb6 8. Qb3 Bf5 9. Nbd2 Nbd7 10. e3 Nh5 11. Be5 Nxe5 12. dxe5 g6 13. Nd4 Bd7 14. Bd3 Ng7 15. Qc2 c5 16. N4f3 c4 17. Be2 Qc7 18. e4 e6 19. 0-0 Be7 20. Rfe1 0-0 21. Nd4 dxe4 22. Qxe4 b5 23. a4 bxa4 24. Nxc4 Nf5 25. Bf3 Nxd4 26. Qxd4 Rab8 27. b4 Rfd8 28. Qf4 Bb5 29. Be2 a6 30. Bf1 Rbc8 31. Re4 Bf8 32. h4 Bg7 33. Rae1 a3 34. Qc1 Ra8 35. Qxa3 Qc6 36. Na5 Qc7 37. c4 Be8 38. c5 Rd5 39. Nc4 Rb8 40. Nd6 Bb5 41. Bxb5 axb5 42. h5 g5 43. f4 Qc6 44. Qg3 f6 45. exf6 Bxf6 46. Rxe6 Bd4+ 47. Kh1 Rf8 48. Qd3 Bg7 49. Qg6 1-0

[Event "San Sebastian op 28th"]
[Site "San Sebastian"]
[Date "2005.03.22"]
[Round "5"]
[White "Bareyre, Patrick"]
[Black "Jakobsen, Ole"]
[Result "0-1"]
[WhiteElo "2147"]
[BlackElo "2387"]
[PlyCount "50"]
[EventDate "2005.03.19"]
[EventType "swiss"]
[EventRounds "9"]
[EventCountry "ESP"]
[SourceTitle "CBM 105 Extra"]
[Source "ChessBase"]
[SourceDate "2005.05.01"]
[SourceVersion "1"]
[SourceVersionDate "2005.05.01"]
[SourceQuality "1"]

1. d4 Nf6 2. Nf3 e6 3. Bg5 d5 4. e3 c5 5. c3 h6 6. Bf4 Nc6 7. Nbd2 Bd6 8. Bg3 Bxg3 9. hxg3 Qd6 10. Bd3 0-0 11. Qe2 e5 12. dxc5 Qxc5 13. e4 Be6 14. Nb3 Qb6 15. Nfd2 a5 16. exd5 Bxd5 17. Nc4 Bxc4 18. Bxc4 a4 19. Nc1 e4 20. a3 Ne5 21. Rb1 Rfe8 22. 0-0 e3 23. Ba2 Neg4 24. Qc4 exf2+ 25. Kh1 Re5 0-1

[Event "FRA-chT2 0405"]
[Site "France"]
[Date "2005.03.12"]
[Round "8.5"]
[White "Bareyre, Patrick"]
[Black "Comte, Christophe"]
[Result "1-0"]
[WhiteElo "2147"]
[BlackElo "2122"]
[PlyCount "69"]
[EventDate "2004.10.10"]
[EventType "team"]
[EventRounds "11"]
[EventCountry "FRA"]
[SourceTitle "EXT 2006"]
[Source "ChessBase"]
[SourceDate "2005.11.24"]
[SourceVersion "1"]
[SourceVersionDate "2005.11.24"]
[SourceQuality "1"]
[WhiteTeam "Bayonne"]
[BlackTeam "Hyeres"]
[WhiteTeamCountry "FRA"]
[BlackTeamCountry "FRA"]

1. d4 Nf6 2. Nf3 e6 3. c3 c5 4. Bf4 cxd4 5. Qxd4 Nc6 6. Qa4 Be7 7. Nbd2 d5 8. e4 0-0 9. 0-0-0 Qb6 10. exd5 Nxd5 11. Bg3 a6 12. Bd3 Qa7 13. h4 b5 14. Qe4 f5 15. Qe2 Bf6 16. Ng5 e5 17. Nde4 h6 18. Bc2 Nde7 19. Bb3+ Kh8 20. Nd6 e4 21. Ndf7+ Rxf7 22. Nxf7+ Kh7 23. Ng5+ Kh8 24. Qh5 Bd7 25. Nf7+ Kh7 26. Rd6 Ng8 27. Ng5+ Bxg5+ 28. hxg5 Be8 29. g6+ Kh8 30. Qxf5 Nce7 31. Qxe4 Nf6 32. Rxf6 gxf6 33. Rxh6+ Kg7 34. Rh7+ Kf8 35. g7# 1-0

[Event "FRA-chT2 0405"]
[Site "France"]
[Date "2005.01.09"]
[Round "6.5"]
[White "Lenfant, Francois"]
[Black "Bareyre, Patrick"]
[Result "1-0"]
[WhiteElo "2034"]
[BlackElo "2147"]
[PlyCount "93"]
[EventDate "2004.10.10"]
[EventType "team"]
[EventRounds "11"]
[EventCountry "FRA"]
[SourceTitle "EXT 2006"]
[Source "ChessBase"]
[SourceDate "2005.11.24"]
[SourceVersion "1"]
[SourceVersionDate "2005.11.24"]
[SourceQuality "1"]

1. c4 d6 2. g3 g6 3. Bg2 Bg7 4. Nc3 Nc6 5. Nf3 e5 6. d3 h6 7. 0-0 Nge7 8. Rb1 a5 9. a3 f5 10. Bd2 0-0 11. b4 axb4 12. axb4 Be6 13. Ne1 Qd7 14. Nd5 g5 15. b5 Nd8 16. b6 Nxd5 17. cxd5 Bf7 18. bxc7 Qxc7 19. Be3 Bh5 20. Nf3 Rc8 21. Rc1 Qd7 22. Rxc8 Qxc8 23. Qa4 Be8 24. Qb4 Qd7 25. Bb6 Nf7 26. Rc1 Qb5 27. Qxb5 Bxb5 28. Rc7 Ba6 29. Nd2 Bf6 30. Rc1 Re8 31. Nf1 Kg7 32. Ne3 f4 33. Nf5+ Kf8 34. Ba5 b5 35. Bb4 Be7 36. Rc6 Bc8 37. Nxd6 Bd7 38. Nxe8 Bxc6 39. Bxe7+ Kxe7 40. dxc6 Kxe8 41. Kf1 Kd8 42. e3 Kc7 43. d4 Nd6 44. dxe5 Nc4 45. exf4 b4 46. Ke2 Na3 47. Kd3 1-0

[Event "Rochefort op 4th"]
[Site "Rochefort"]
[Date "2005.??.??"]
[Round "4"]
[White "Bareyre, Patrick"]
[Black "Marholev, Dimitar"]
[Result "0-1"]
[WhiteElo "2147"]
[BlackElo "2381"]
[PlyCount "78"]
[EventDate "2005.02.16"]
[EventType "swiss"]
[EventRounds "7"]
[EventCountry "FRA"]
[SourceTitle "EXT 2006"]
[Source "ChessBase"]
[SourceDate "2005.11.24"]
[SourceVersion "1"]
[SourceVersionDate "2005.11.24"]
[SourceQuality "1"]

1. d4 d6 2. Nf3 Bg4 3. e4 Nf6 4. Nc3 e6 5. Bg5 Be7 6. Be2 h6 7. Bh4 c6 8. Nd2 Bxe2 9. Qxe2 Nxe4 10. Bxe7 Nxc3 11. Qg4 Kxe7 12. bxc3 Kf8 13. 0-0 Nd7 14. f4 Nf6 15. Qf3 g6 16. Rab1 Rb8 17. g4 h5 18. h3 hxg4 19. hxg4 Rh4 20. g5 Nh5 21. Qe3 Nxf4 22. Nf3 Rg4+ 23. Kh1 Nd5 24. Qf2 Kg7 25. c4 Nf4 26. Nh2 Qh8 27. Rb3 e5 28. Rg3 Rh4 29. c5 Qh5 30. cxd6 Rh8 31. Rg2 e4 32. d7 Qf3 33. Qxf3 exf3 34. Rgf2 Ne2 35. Rd1 Ng3+ 36. Kg1 Ne4 37. d8Q Rxd8 38. Rxf3 Rdh8 39. Rdf1 Nxg5 0-1

[Event "FRA-chT2"]
[Site "France"]
[Date "2002.03.09"]
[Round "8"]
[White "Roinel, Franck"]
[Black "Bareyre, Patrick"]
[Result "0-1"]
[WhiteElo "2132"]
[BlackElo "2199"]
[PlyCount "70"]
[EventDate "2002.??.??"]
[EventType "team"]
[EventRounds "11"]
[EventCountry "FRA"]
[SourceTitle "EXT 2003"]
[Source "ChessBase"]
[SourceDate "2002.11.25"]
[SourceVersion "1"]
[SourceVersionDate "2002.11.25"]
[SourceQuality "1"]
[WhiteTeam "Avoine"]
[BlackTeam "Rochefort"]
[WhiteTeamCountry "FRA"]
[BlackTeamCountry "FRA"]

1. e4 e6 2. Nc3 d5 3. g3 c5 4. d3 b6 5. Bg2 Bb7 6. exd5 Nf6 7. Nge2 Nxd5 8. 0-0 Be7 9. Nxd5 Bxd5 10. Bxd5 Qxd5 11. Nf4 Qc6 12. Qg4 g6 13. Re1 h5 14. Qh3 Nd7 15. Nxe6 fxe6 16. Rxe6 Qd5 17. c4 Qf3 18. Bg5 0-0 19. Bxe7 Qxf2+ 20. Kh1 Qf3+ 21. Qg2 Rae8 22. Rae1 Rf7 23. Rxg6+ Kh7 24. Qxf3 Rxf3 25. Rd6 Nf6 26. Re5 Ng8 27. Rxh5+ Kg7 28. Rg5+ Kf7 29. Kg2 Kxe7 30. Rdg6 Rff8 31. Rg7+ Kd6 32. Rxa7 Re2+ 33. Kg1 Rxb2 34. Rd5+ Ke6 35. Rad7 Nf6 0-1

[Event "FRA-chT2"]
[Site "France"]
[Date "2002.03.??"]
[Round "9.4"]
[White "Bareyre, Patrick"]
[Black "Rihouay, Clement"]
[Result "0-1"]
[WhiteElo "2199"]
[BlackElo "2130"]
[PlyCount "72"]
[EventDate "2002.??.??"]
[EventType "team"]
[EventRounds "11"]
[EventCountry "FRA"]
[SourceTitle "EXT 2003"]
[Source "ChessBase"]
[SourceDate "2002.11.25"]
[SourceVersion "1"]
[SourceVersionDate "2002.11.25"]
[SourceQuality "1"]

1. d4 Nf6 2. Nf3 e6 3. Bg5 h6 4. Bxf6 Qxf6 5. e4 d6 6. c3 Nd7 7. Nbd2 g6 8. Bc4 Bg7 9. Qe2 0-0 10. 0-0 a6 11. a4 b6 12. Rfe1 Bb7 13. h3 Qe7 14. Rad1 c5 15. e5 cxd4 16. cxd4 dxe5 17. Nxe5 Nxe5 18. dxe5 a5 19. Bb5 Bd5 20. Nf1 Rad8 21. Ne3 Bb3 22. Rc1 Bxe5 23. Ng4 Bf4 24. Qf3 Bxc1 25. Rxc1 Bd5 26. Qe3 h5 27. Ne5 Rc8 28. Re1 Rfd8 29. Qh6 Qf6 30. g4 hxg4 31. hxg4 Rc2 32. f4 Rdc8 33. Bd3 Rc1 34. g5 Rxe1+ 35. Kf2 Qxf4+ 36. Kxe1 Qxe5+ 0-1